000 01518nam a22002537a 4500
003 Uzh_bibl
008 260415b |||||||| |||| 00| 0 ukr d
020 _a5-325-00529-4
_c3.90
040 _bукр.
041 _2ukr
_aukr
080 _a94 (477)
090 _a94(477)
_bА 72
100 _aАнтонович ,Володимир
245 _aМоя сповідь
_cупоряд.О.Тодійчук,вст.ст. та коментарі В .Ульяновського
_hТекст
260 _aКиїв
_bЛибідь
_c1995
300 _a816 с.
_fВ опр.
490 _aСерія"Пам’ятки історичної думки України"
520 _aДо збірки увійшли автобіографічний твір видатного українського історика, його праці з історії козацтва, життєписи історичних діячів, нариси історії церкви в Україні, дослідження з української етнографії. Значне місце посідають твори, присвячені Києву та Київській землі, історії Великого князівства Литовського.
521 _aДля широкого кола читачів
546 _aукр.
650 _aІсторична література
655 _aНарис
_vВибрані історичні та публіцистичні твори
942 _2udc
_cBK
999 _c17335
_d17335